'Happiness for mankind' : Achaemenian religion and the imperial project /

The product of twenty years' research, this is the first book to study the way religious concerns permeated Achaemenian culture, deeply influencing such varied things as categories of space, time, number and causality, constructions of nature, humanity and moral order, institutions of law, edu...

Full description

Bibliographic Details
Main Author: Lincoln, Bruce
Format: Book
Language:English
Published: Leuven ; Walpole, Massachusetts : Peeters, 2012.
Series:Acta Iranica ; 53.
Subjects:

MARC

Tag First Indicator Second Indicator Subfields
LEADER 00000cam a2200000 i 4500
001 in00002783445
005 20150922150602.0
008 111024s2012 be a b 001 0 eng c
020 |a 9042925256 
020 |a 9789042925250 
035 |a (OCoLC)ocn758436636 
040 |a YDXCP  |e rda  |c YDXCP  |d CGU  |d CDX  |d BWX  |d EUX  |d UtOrBLW 
049 |a TXAM 
050 4 |a BL2270  |b .L553 2012 
100 1 |a Lincoln, Bruce. 
245 1 0 |a 'Happiness for mankind' :  |b Achaemenian religion and the imperial project /  |c by Bruce Lincoln. 
264 1 |a Leuven ;  |a Walpole, Massachusetts :  |b Peeters,  |c 2012. 
300 |a xxi, 554 pages :  |b illustrations ;  |c 25 cm. 
336 |a text  |b txt  |2 rdacontent 
337 |a unmediated  |b n  |2 rdamedia 
338 |a volume  |b nc  |2 rdacarrier 
490 1 |a Acta Iranica ;  |v 53 
504 |a Includes bibliographical references and index. 
505 0 |a I. The politics of the Persian paradise : (the Paris lectures) 1. À la recherche du paradis perdu -- 2. The King's truth -- 3. Space, motion, and climate in the Achaemenian imaginary -- 4. Il faut cultiver notre jardin : on Achaemenian horticulture and imperialism -- Appendix to chapter four : Zoroastrian mythology of plants : synoptic table -- 5. Implications of grammatical number in the mythology of vegetation -- II. Human unity and the diversity of peoples in Achaemenian myth, art, and ideology : (the Siena lectures) -- 6. Bisitun and Persepolis -- 7. Naqš-ī Rustam -- 8. The unity and diversity of peoples in later Iranian history -- 9. Sacred Kingship? -- III. Aesthetics and the demonic : (lectures, 2008-9) -- 10. Creation and other epiphanies in Achaemenian religion -- 11. The geography of creation -- 12. Representing the lie in Achaemenian Persia -- 13. Representing the lie in Mazdaean Iran -- 14. On Zoroastrian and Achaemenian demonology -- 15. Happiness regained -- IV. Greeks and Persians -- 16. Herodotus as anthropologist -- 17. On the sisterhood of Europe and Asia -- 18. Myth and diplomacy : Persian overtures to the Argives -- 19. Aeschylus's Persians and the categorical cpposition of East and West -- 20. On Persian pedagogy and Greek machismo -- V. Varia -- 21. The Wise Lord's will and the making of wonders -- 22. Cosmogonic myth and dynastic crisis -- 23. Rebellion and treatment of rebels -- 24. Happiness, law, and fear -- 25. Big and little in old Persian -- 26. Ancestors, corpses, kings, and the land -- 27. The bifurcated cosmos of Mazdaean Religion / with Clarisse Herrenschmidt) -- 28. Cosmology and hydraulics -- 29. Reflections after the fact. 
520 |a The product of twenty years' research, this is the first book to study the way religious concerns permeated Achaemenian culture, deeply influencing such varied things as categories of space, time, number and causality, constructions of nature, humanity and moral order, institutions of law, education and kingship, practices of diplomacy, tribute, irrigation and gardening (including the sumptuous royal gardens designated as "paradises)". Particular attention is devoted to the role of cosmogonic myths, dualistic ethics, demonological beliefs, the ideology of royal charisma, the sense of Persia as a sacred center and the conviction that Achaemenian rulers bore unique responsibility for restoring the world's lost perfection and realizing God's plans for creation: a task to be accomplished by reuniting the globe's tragically fragmented peoples. 
651 0 |a Iran  |x Religion. 
600 3 0 |a Achaemenid dynasty,  |d 559 B.C.-330 B.C. 
830 0 |a Acta Iranica ;  |v 53. 
945 |a PromptCat  |b 108296 
946 |a stk 
947 |a A14836013282 
948 |a cataloged  |b h  |c 2012/12/4  |d c  |e dmitchel  |f 10:50:40 am 
994 |a 92  |b TXA 
999 |a MARS 
999 f f |s b17c27a2-cb17-3549-8808-225237c48875  |i bd1f7bd7-f1ff-3e4f-ab0b-ac2a82a955f4  |t 0 
952 f f |p normal  |a Texas A&M University  |b College Station  |c Sterling C. Evans Library  |s Evans stk  |d Evans: Library Stacks  |t 0  |e BL2270 .L553 2012  |h Library of Congress classification  |i unmediated -- volume  |m A14836013282 
998 f f |a BL2270 .L553 2012  |t 0  |l Evans: Library Stacks